000 01470nam0a22003731 4500
001 rc\2998273
005 20250806200555.0
035 _a(NLR Aleph) 007141846
090 _a70324
_c70324
100 _a20110919d1942 u y0rusy50 ca
101 0 _arus
102 _aRU
105 _ay z |||||
135 _acrbn 008apadp
200 1 _aО доблести и стойкости
_e(Для бесед с бойцами)
_fК. Кулик, А. Маханов
210 _aЛенинград
_cОтд. Воениздата НКО СССР при Ленингр. фронте
_d1942
215 _a76 с.
_d14 см
325 _aКопия доступна в Электрон. б-ке РНБ
700 1 _aКулик
_bК.
701 1 _aМаханов
_bА.
801 0 _aRU
_bNLR
_gpsbo
801 1 _aRU
_bELAR
_2rusmarc
852 _aNLR
_jИр50 Г-2/882
856 0 _uhttp://vivaldi.nlr.ru/ab000002319/view
856 1 _uhttp://vivaldi.nlr.ru/ab000002319/cover
856 2 _uhttp://vivaldi.nlr.ru/ab000002319/text
901 _eКнижные издания
942 _cBOOK
945 _aРоссийская национальная библиотека
980 _aNB
980 _aBV
981 3 7 _a(37) Ленинград в Великой Отечественной войне
_b(37) Книги блокадного Ленинграда
981 3 4 _a(34) Санкт-Петербург